| 000 | 01020nam a2200241 4500 | ||
|---|---|---|---|
| 001 | 126740 | ||
| 003 | ES-MaACL | ||
| 005 | 20250814002636.0 | ||
| 007 | t| | ||
| 008 | 070214s1983 sp r ||||1| spa d | ||
| 020 | _a84-7498-168-9 | ||
| 110 | 2 |
_aSociedad Española de Microbiología _9172218 |
|
| 245 | 1 | 0 |
_aResúmenes de las comunicaciones presentadas a la IV, V, y VI reuniones anuales del Grupo especializado de fitopatología microbiana de la Sociedad Española de Microbiología : _bCórdoba, 1979, Zaragoza, 1980, Madrid, 1981. |
| 260 |
_aMadrid : _bInstituto Nacional de Investigaciones Agrarias, _c1983. |
||
| 300 |
_aVIII, 148 p. ; _c24 cm. |
||
| 490 | 1 |
_aMonografías I.N.I.A. ; _v48 |
|
| 594 | _aEn cub.: Jornadas sobre Patología Vegetal. | ||
| 650 | 0 | 0 |
_aPatología vegetal- _vCongresos y asambleas. _9172219 |
| 710 | 2 |
_aInstituto Nacional de Investigaciones Agrarias (España) _95168 |
|
| 830 | 1 |
_aMonografías I.N.I.A. ; _v48 _9177538 |
|
| 852 |
_aES-MaACL _jL-6948 |
||
| 999 |
_c126740 _d126740 |
||